Statistics for Who am I

Click here to take the quiz!

General Stats

  • This quiz has been taken 49 times
    (48 since last reset)
  • The average score is 6 of 12

Answer Stats

QuestionAnswer% Correct
I invented star warsG.L.
81%
I was famous for the destruction of the Persian EmpireAlexander
73%
I was involved in the discovery of radioactivityPierre
73%
I was famous for the start of WW2A.H.
69%
I created the periodic tableDmitri
62%
I was famous for the discovery of electricityBen
50%
I was one of the creators of the bibleMark
50%
I was the 17th presidentJohnson
42%
I discovered the structure of an atom (first name)Ernest
38%
I died due to poison being added into meGarfield
31%
I was famous for the Hebrew's golden ageSolomon
31%
My entire presidency was within USA's golden ageEisenhower
27%

Score Distribution

Percentile by Number Answered

Percent of People with Each Score

Your Score History

You have not taken this quiz since the last reset